000 00528nam a22001817a 4500
005 20251108170750.0
008 250721s1997 xx 000 0 ara d
082 1 4 _a910/شعا
100 1 _aالشعار، فواز
_eمؤلف
245 1 0 _aالخغرافياالعربية والمعالجة /
264 1 _aبيروت :
_bالدار العربية للعلوم،
_c1997.
300 _a149ص.
650 1 7 _aالخغرافيا
650 1 7 _aالبلدان
650 1 7 _aالعالم
942 _2ddc
_cBK
999 _c48484
_d48484